| 000 | 00783nam a22002177a 4500 | ||
|---|---|---|---|
| 999 |
_c4421 _d4421 |
||
| 003 | AR-CdUCM | ||
| 008 | 190308b ||||| |||| 00| 0 esp d | ||
| 040 |
_aMUNICIPALIDAD PROVINCIAL DEL CUSCO _cBIBLIOTECA MUNICIPAL DEL CUSCO |
||
| 082 |
_a868.47 / _bD93 |
||
| 100 |
_aDostoievsky, F _913930 |
||
| 245 |
_aCritica de la literatura Rusa / _cF. Dostoievsky |
||
| 260 |
_aBuenos Aires : _bPantenon, _c1945. |
||
| 300 |
_a192 paginas ; _c19 cm. |
||
| 500 | _aDonación de la familia Luis Nieto. | ||
| 505 | _aEl señor - Boff y la cuestión del arte -- La instrucción popular y los libros -- Los últimos acontecimientos literarios. | ||
| 650 |
_aLiteratura Rusa _910457 |
||
| 650 |
_aEnsayos _9375 |
||
| 650 |
_aPartidos literarios _913931 |
||
| 942 |
_2ddc _cLIBROS |
||
| 945 | _aacrt | ||